000 00640nam a2200181Ia 4500
008 100920s9999 xx 000 0 und d
082 _b96942
_a891.463.1 न 05
100 _aटिकेकर अशोक.
245 _aमानलेला भाऊ येता घरा.
260 _bसंयम पब्लिकेशन ,पुणे.
_c2005
300 _a112
_bसाधी
365 _b125
520 _aलघुकथा.
630 _aमानलेला भाऊ येता घरा.
650 _aलघुकथा.
730 _aमानलेला भाऊ येता घरा.
942 _cBOOK
999 _c737381
_d737378